Statistics for The Most Expensive Countries To Live In

Click here to take the quiz!

General Stats

  • This quiz has been taken 34 times
  • The average score is 65 of 100

Answer Stats

#Answer% Correct
19United States
100%
25United Kingdom
93%
15Australia
90%
23Canada
90%
5Denmark
90%
21Finland
90%
4Japan
90%
7Luxembourg
90%
16New Zealand
90%
2Norway
90%
40Spain
90%
22Sweden
90%
3Iceland
87%
26Italy
87%
9Singapore
87%
76China
83%
13France
83%
27Germany
83%
77Poland
83%
50Portugal
83%
1Switzerland
83%
74Brazil
80%
35Greece
80%
12Ireland
80%
29United Arab Emirates
80%
20Austria
77%
93Mexico
77%
78Russia
77%
43Slovenia
77%
46Estonia
73%
73Hungary
73%
80Malaysia
73%
68South Africa
73%
10South Korea
73%
48Thailand
73%
17Belgium
70%
49Croatia
70%
65Cuba
70%
89Indonesia
70%
54Latvia
70%
14Netherlands
70%
95Romania
70%
53Saudi Arabia
70%
61Slovakia
70%
30Taiwan
70%
11Barbados
67%
64Chile
67%
84Peru
67%
28Qatar
67%
6Bahamas
63%
99Bolivia
63%
90Bulgaria
63%
57Czech Republic
63%
56Fiji
63%
8Israel
63%
34Jamaica
63%
62Lithuania
63%
100Morocco
63%
94Serbia
63%
98Turkey
63%
45Uruguay
63%
92Bosnia and Herzegovina
60%
82Iran
60%
24Malta
60%
59Brunei
57%
81Iraq
57%
47Kuwait
57%
88Philippines
57%
85Vietnam
57%
91Albania
53%
97Belarus
53%
55Cambodia
53%
39Costa Rica
53%
33Cyprus
53%
72Ecuador
53%
31Lebanon
53%
86Montenegro
53%
32Bahrain
50%
52Belize
50%
69Guatemala
50%
42Jordan
50%
51Oman
50%
38Panama
50%
18Seychelles
50%
41Trinidad and Tobago
50%
63Dominican Republic
47%
60Nicaragua
47%
75Kenya
43%
44Mauritius
43%
96Tanzania
43%
87Ghana
40%
70Honduras
40%
71Myanmar
40%
36Zimbabwe
40%
79Botswana
37%
83Somalia
37%
58El Salvador
33%
37Ethiopia
33%
67Namibia
33%
66Suriname
30%

Score Distribution

Percentile by Number Answered

Percent of People with Each Score

Your Score History

You have not taken this quiz